SSC Maths: The Complete Coaching 8000+TCS MCQ / (Record no. 215046)
[ view plain ]
| 000 -LEADER | |
|---|---|
| fixed length control field | 00593nam a22001817a 4500 |
| 005 - DATE AND TIME OF LATEST TRANSACTION | |
| control field | 20260301155459.0 |
| 010 ## - LCCN (DPL NO) | |
| LC control number | BACEN26 |
| 020 ## - INTERNATIONAL STANDARD BOOK NUMBER | |
| International Standard Book Number | 9788197808036 |
| Terms of availability | 800.00 |
| 037 ## - SOURCE OF ACQUISITION | |
| Source of stock number/acquisition | Vrinda Publication |
| 082 ## - DEWEY DECIMAL CLASSIFICATION NUMBER | |
| Classification number | 000 |
| 100 ## - MAIN ENTRY--PERSONAL NAME | |
| Personal name | Pratap, Gagan |
| 245 ## - TITLE STATEMENT | |
| Title | SSC Maths: The Complete Coaching 8000+TCS MCQ / |
| Statement of responsibility, etc | by Gagan Pratap [and] Manvendra Singh |
| 260 ## - PUBLICATION, DISTRIBUTION, ETC. (IMPRINT) | |
| Place of publication, distribution, etc | Delhi |
| Name of publisher, distributor, etc | Champion Publication |
| 270 ## - ADDRESS | |
| Telephone number | 7351553388 |
| Address | Jaina Extension, Dr. Mukherjee Nagar |
| City | Delhi |
| Postal code | 110009 |
| 300 ## - PHYSICAL DESCRIPTION | |
| Extent | 998p. |
| Dimensions | 28cm(pb) |
| 700 ## - ADDED ENTRY--PERSONAL NAME | |
| Personal name | Manvendra Singh |
| 9 (RLIN) | 87970 |
| 942 ## - ADDED ENTRY ELEMENTS (KOHA) | |
| Source of classification or shelving scheme | Dewey Decimal Classification |
| Item type | English Books |
| Classification part | 000 |
| Call number suffix | PRA |
No items available.
